Analysis of Road Safety in Poland After Accession to the European Union
Analýza stavu ciest a bezpečnosti dopravy v Poľsku v rokoch 2004-2018. Zmeny po vstupe do Európskej únie.
Salvato in:
| Autore principale: | |
|---|---|
| Natura: | Capitolo di libro |
| Lingua: | inglese |
| Soggetti: | |
| Tags: |
Nessun Tag, puoi essere il primo ad aggiungerne!!
|
MARC
| LEADER | 00000naa a2200000 4500 | ||
|---|---|---|---|
| 001 | 0263503 | ||
| 005 | 20200514125205.0 | ||
| 041 | 0 | |a eng | |
| 044 | |a SK | ||
| 245 | 1 | 0 | |a Analysis of Road Safety in Poland After Accession to the European Union |c Rafał Jurecki |
| 520 | |a Analýza stavu ciest a bezpečnosti dopravy v Poľsku v rokoch 2004-2018. Zmeny po vstupe do Európskej únie. | ||
| 610 | 2 | 0 | |a doprava |
| 610 | 2 | 0 | |a bezpečnosť dopravy |
| 610 | 2 | 0 | |a cesty |
| 610 | 2 | 0 | |a nehody dopravné |
| 610 | 2 | 0 | |a štatistika |
| 100 | 1 | |a Jurecki, Rafał | |